تاريخ ابن الريوندى الملحد

Bibliographic Details
Main Author: اعسم، عبد الامير (Author)
Format: Book
Published: Beirut : Dar al-Afaq al-Jadidah , 1975
Subjects:

MARC

LEADER 00000cam a2200000 7i4500
001 0000005691
005 20230525093000.0
008 021119s1975
090 0 0 |a BP80.R5   |b A8 
100 0 |a اعسم، عبد الامير ,   |e author 
245 0 0 |a تاريخ ابن الريوندى الملحد   |c عبد الامير الاعسم 
260 2 |a Beirut :   |b Dar al-Afaq al-Jadidah ,   |c 1975 
300 |a 314 p . ;   |c 24 cm. 
500 |a Includes index 
504 |a Bibliography: p. 257-264 
600 0 0 |a Ibn al-Riwandi 
650 0 |a Islam   |v Biography 
650 0 |a Motazilites   |x Biography 
999 |a 1000016469   |b Book   |c OPEN SHELF (30 DAYS)   |e Gong Badak Campus